2024 Silver Slugger Winners - Statistics

General Stats
  • This quiz has been taken 5 times
  • The average score is 11 of 20
Answer Stats
Position Player % Correct
OF Aaron Judge
100%
OF Juan Soto
100%
1B Bryce Harper
80%
SS Francisco Lindor
80%
DH Shohei Ohtani
80%
SS Bobby Witt Jr.
60%
2B Jose Altuve
60%
3B José Ramírez
60%
OF Jurickson Profar
60%
2B Ketel Marte
60%
1B Vladimir Guerrero Jr.
60%
C William Contreras
60%
OF Anthony Santander
40%
DH Brent Rooker
40%
OF Jackson Merrill
40%
3B Manny Machado
40%
UT Mookie Betts
40%
UT Josh Smith
20%
C Salvador Perez
20%
OF Teoscar Hernández
20%
No matching quizzes found
Score Distribution
Percent of People with Each Score
Percentile by Number Answered
Your Score History
You have not taken this quiz